| 000 | 00892nam a2200229Ia 4500 | ||
|---|---|---|---|
| 003 | GCL | ||
| 008 | 140319s9999 xx 000 0 ara d | ||
| 040 |
_aGCL / _cGCL |
||
| 082 | 0 | 4 |
_aق _b921.1 _bو ح |
| 100 | 1 | _aووكر، بول | |
| 245 | 1 | 0 |
_aحميد الدين الكرمانى : _bالفكر الاسماعيلى فى عصر الحاكم بامر الله / _cووكر، بول |
| 700 | 1 | _aسيف الدين القصير | |
| 250 | _aالاولى | ||
| 260 |
_aسوريا : _bدار المدى للثقافة والنشر ، _c1980 |
||
| 300 |
_a237 ص ؛ _c22 سم |
||
| 650 | 0 | 4 | _aالفلاسفة - تراجم |
| 650 | 0 | 4 | _aالرجال - تراجم |
| 650 | 0 | 4 | _aمصر - الاحوال الثقافية |
| 650 | 0 | 4 | _aالكرمانى : احمد بن عبدالله حميد الدين 352 - 412 هـ |
| 650 | 0 | 4 | _aالدعوة الاسماعيلية |
| 942 |
_2ddc _cBK |
||
| 999 |
_c36835 _d36835 |
||